| 000 | 00451nam a2200145Ia 4500 | ||
|---|---|---|---|
| 999 |
_c19201 _d19201 |
||
| 003 | OSt | ||
| 005 | 20200624152214.0 | ||
| 008 | 190216s9999||||xx |||||||||||||| ||und|| | ||
| 040 | _coclc | ||
| 082 |
_a954.03 _bJOS/S |
||
| 100 |
_aJoshi, Uma Shankar _93214 |
||
| 245 | 0 |
_aStories From Bapu`s Life / _cUma Shankar Joshi |
|
| 260 |
_bNational Book Trust India, _c1973. _aNew Delhi: |
||
| 942 |
_cBK _2ddc _h954.03 _iJOS/S _k954.03 _mJOS/S |
||